Základy poľovníctva

Bibliographic Details
Main Authors: Bakoš, Alexander, 1934-2021 (Author), Hell, Pavel, 1930-2009 (Author), Kirner, Karol , 1922- (Author), Opálený, Andrej (Author), Ralbovský, Ferdinand, 1919-1987 (Author), Slimák, Koloman, 1903-1996 (Author), Soviš, Branislav, 1930- (Author), Teren, Štefan, 1912-2003 (Author)
Format: Book
Language:Slovak
PhysicalDescription:356 strán, XXXII strán obrazových príloh fotografie (niektoré farebné), grafy, ilustrácie 25 cm
Published: Bratislava Príroda 1988
Edition:1. vyd.
Series:Poľovníctvo
Subjects:

MARC

LEADER 00000cam a2200000 a 4500
001 vtls001123119
003 SK-MaSNL
005 20260302053542.0
008 240226s1988 xo oda frn 001 0 slo
015 |a SNBA1988/12 
020 |q (viazané) 
035 |a SNK000065962 
035 |a 7B8618CC-6AA8-4B49-8CC3-91C753761674 
035 |a urn:nbn:sk:snk-am00iiyt 
040 |a SNK  |b slo  |c SNK  |e AACR2 
041 0 |a slo 
044 |a xo  |c SK 
072 7 |a 639.1  |x Poľovníctvo  |2 konspekt 
080 |a 639.1  |2 1981 
080 |a 639.1  |2 2011 
080 |a (048.8:082)  |2 2011 
100 1 |a Bakoš, Alexander,  |d 1934-2021  |4 aut  |9 107685 
245 1 0 |a Základy poľovníctva  |c Alexander Bakoš a kolektív 
250 |a 1. vyd. 
260 |a Bratislava  |b Príroda  |c 1988  |e Martin  |f Tlačiarne SNP 
300 |a 356 strán, XXXII strán obrazových príloh  |b fotografie (niektoré farebné), grafy, ilustrácie  |c 25 cm 
366 |e 30000 výtl. 
490 1 |a Poľovníctvo 
504 |a Bibliografia na strane 343. Latinský a slovenský register 
650 0 7 |a poľovníctvo  |2 SNKPH  |9 2774 
655 7 |a kolektívne monografie  |2 SNKPH  |9 249850 
700 1 |a Hell, Pavel,  |d 1930-2009  |4 aut  |9 125123 
700 1 |a Kirner, Karol ,  |d 1922-  |4 aut  |9 37404 
700 1 |a Opálený, Andrej  |4 aut  |9 603465 
700 1 |a Ralbovský, Ferdinand,  |d 1919-1987  |4 aut  |9 39032 
700 1 |a Slimák, Koloman,  |d 1903-1996  |4 aut  |9 39037 
700 1 |a Soviš, Branislav,  |d 1930-  |4 aut  |9 27518 
700 1 |a Teren, Štefan,  |d 1912-2003  |4 aut  |9 192795 
830 0 |a Poľovníctvo  |9 265415 
852 |a Slovenská národná knižnica 
954 |a odborná, vedecká literatúra pôvodná (slovenská)  |2 lita 
958 |a OND 
958 |a NB 
958 |a TL 
999 |c 1109892  |d 1111822 
952 |t P60, <04>, [BOOK], {604}  |a SNK  |b SNK  |y VYP  |7 0  |p 17A0057980  |o snkSC 73060 D1  |0 0  |1 0  |4 0  |d 1997-04-03  |l 0  |r 2004-12-31 00:00:00  |w 2026-02-24 
952 |a SNK  |b SNK  |y PREZ  |7 0  |p 17A0975792  |o snkSC 73060  |i snkKSP 10248/88  |0 0  |1 0  |4 0  |d 2012-09-23  |f 1  |l 0  |r 2025-07-28 00:00:00  |w 2026-02-24